00647cam a22001571 4500999001700000008004100017050002400058100001600082245010400098260004200202300002900244500004100273650001800314942003400332952012300366 c17093d17093760227s1960 nyua 000 0 eng 00aNA2500 b.P613 19601 aPonti, Gio,10aIn praise of architecture/cTranslated by Giuseppina and Mario Salvadori. Pref. by Mario Salvadori. aNew York:bF. W. Dodge Corp.,c[1960] a270 p. :bill. ;c20 cm. aTranslation of Amate l'architettura. 0aArchitecture. 2lcccBOOKShNA2500 .P613 1960 00102lcc4070aMUCbMUCcGENd2016-11-21eDonation (BFA)l0oNA2500 .P613 1960p28252r2016-11-21w2016-11-21yBOOKS